Guess the player from transfer history - Statistics

General Stats
  • This quiz has been taken 285 times
  • The average score is 10 of 15
Answer Stats
Hint Answer % Correct
Birmingham City, Bvb, Real Madrid Jude Bellingham
92%
Olymp. Lyon, Real Madrid, Al Ittihad Karim Benzema
90%
Byrne Fk, Molde, Rb Salzburg, Bvb, Man City Erling Haaland
89%
As Monaco, Psg Kylian Mbappe
88%
Santos, Barca, Psg, Al Hilal Neymar Jr
86%
West Ham Utd, Arsenal Declan Rice
81%
Tottenham, (Leyton Orient), (Milwall), (Norwich), (Leicester City), Bayern Harry Kane
75%
Delta Warsaw, Legia Warsaw, Znicz Pruszkow, Lech Posen, Bvb, Bayern, Barca Robert Lewandowski
72%
Paris Sg, Rb Leipzig, Chelsea Christopher Nkunku
66%
Sporting Lisboa, Losc, Ac Milan Rafael Leao
55%
Ac Milan, Psg Gianluigi Donnarumma
49%
As Monaco, Juventus, Arsenal, Barca, Nyrb Thierry Henry
49%
As Cannes, Girondins Bordeaux, Juventus, Real Madrid Zinedine Zidane
47%
Paris Sg, (Crotone), Bayer Leverkusen, Aston Villa Moussa Diaby
26%
M'gladbach, Bayern, Inter Milan, Bayern, Nyrb Lothar Matthaus
14%
No matching quizzes found
Score Distribution
Percent of People with Each Score
Percentile by Number Answered
Your Score History
You have not taken this quiz